000 01034cam a2200193 4500500
005 20251228065459.0
041 _afre
042 _adc
100 1 0 _aAllamanno, Marie
_eauthor
245 0 0 _aL’expérience compromise
260 _c2017.
500 _a97
520 _aÉducatrice spécialisée en foyer de vie, mes observations témoignent de pratiques qui font obstacle à la mise en œuvre des potentialités des personnes accompagnées. Le travail de recherche révèle que l’accompagnement s’efface au profit de pratiques de substitution et de contrôle. Privées d’expérience, les personnes avancent dans l’ignorance de capacités rendues invisibles pour elles-mêmes et pour les professionnels.
690 _aaccompagnement
690 _aDéficience intellectuelle
690 _apotentialités
786 0 _nVST - Vie sociale et traitements | 135 | 3 | 2017-07-28 | p. 93-97 | 0396-8669
856 4 1 _uhttps://shs.cairn.info/revue-vie-sociale-et-traitements-2017-3-page-93?lang=fr&redirect-ssocas=7080
999 _c1591632
_d1591632